| 000 | 00511nam a22001577a 4500 | ||
|---|---|---|---|
| 003 | OSt | ||
| 005 | 20221005160757.0 | ||
| 008 | 221005b |||||||| |||| 00| 0 eng d | ||
| 040 | _cBiblioteca Lado V | ||
| 082 |
_a750 _bP393j |
||
| 100 |
_963 _aPeluffo Linari, Gabriel _ecuradora |
||
| 245 |
_aJoaquin torres Garcia - Rafael Barradas/ _bLas vanguardias en España 1917-1929/ |
||
| 260 |
_aUruguay _bEmbajada de España _c2003 |
||
| 300 |
_a108p. _c23x20cm |
||
| 942 |
_2ddc _c1 _h750 _iP393j _n0 |
||
| 999 |
_c2174 _d2174 |
||